Микола Пимоненко (Запис № 377140)

МАРК-запис
000 -Лідер
fixed length control field 00844nam a22002657a 4500
001 - Контрольний номер
control field 90863
003 - Ідентифікатор контрольного номера
control field UA-OsUOA
005 - Дата та час останнього входження (трансакції)
control field 20260130093934.0
007 - Фіксоване поле фізичного опису
fixed length control field ta
008 - Елементи даних фіксованої довжини – загальна інформація
fixed length control field 20121120b un ||||| |||| 00| 0 ukr d
040 ## - Джерело каталогізації
Агенція оригінальної каталогізації UA-OsUOA
Мова каталогізації ukr
Агенція, яка здійснювала перезапис UA-OsUOA
Агенція, яка здійснювала модифікацію UA-OsUOA
041 ## - Код мови
Код мови тексту/ звукової доріжки чи окремого заголовка (П) ukr
080 ## - Індекс Універсальної десяткової класифікації
Індекс Універсальної десяткової класифікації (УДК) (НП) 821.161.2
090 ## - Локальний шифр розміщення
Класифікаційний індекс УДК 821.161.2
Авторський знак (НП) Ч-73
100 ## - Основне введення – ім’я особи
Ім’я особи (НП) Чіп Б. М.
9 (RLIN) 23081
245 ## - Відомості про назву
Назва (НП) Микола Пимоненко
Решта назви (НП) біографічний роман
Дані про відповідальність (НП) Б. М. Чіп, О. Г. Оганесян
260 ## - Публікація, розповсюдження і т.п. (Вихідні дані)
Місце публікації, розповсюдження і т.п. (П) К.
Ім’я/ наймення видавництва, розповсюджувача і т.п. (П) Молодь
Дата публікації, розповсюдження і т.п. (П) 1983
300 ## - Фізичний опис
Обсяг 256 с.
Інші фізичні характеристики (НП) іл.
490 ## - Область серії
Назва серії Уславлені імена
650 #7 - Додаткове предметне введення – тематичний термін
Тематичний термін чи географічна назва, як елемент введення (НП) 821.161.2 Українська література
Джерело заголовка чи терміна UDC
9 (RLIN) 41
700 ## - Додаткове введення – ім'я особи
Ім’я особи (НП) Оганесян О. Г.
9 (RLIN) 23082
942 ## - Додаткові елементи входу (Коха)
Тип елемента Koha Книги
Source of classification or shelving scheme Universal Decimal Classification
955 ## - Код типу видання за змістом
Код типу видання за змістом (НП) Літературно-художні видання
Фонди
Стан вилучень Стан втрат Джерело класифікації або схеми стелажів Стан уражень Не для кредиту Постійне місце розташування Поточне розміщення Дата придбання Інвентарний номер Усього замовленно Повний номер виклику Штрих-код Дата останнього перегляду Ціна ефективна від Тип елемента Koha Код колекції Джерело придбання Вартість, звичайна ціна покупки Вартість, ціна заміни
    Universal Decimal Classification     АБ - Абонемент НБ АБ - Абонемент НБ 20/11/2012 46192   821.161.2 Ч-73 46192 07/04/2022 20/11/2012 Книги        
    Universal Decimal Classification     АБ - Абонемент НБ АБ - Абонемент НБ 30/01/2026     821.161.2 Ч-73 169263 30/01/2026 30/01/2026 Книги Колекція Шевчука Валерія №03/21.01.2026 25.00 25.00